LIBRARY & INFORMATION CENTRE, KCAET, TAVANUR

ONLINE PUBLIC ACCESS CATALOGUE (OPAC)

Practical physics with viva voce / (Record no. 9572)

MARC details
000 -LEADER
fixed length control field 00569cam a2200241ua 4500
041 ## - LANGUAGE CODE
Language code of text/sound track or separate title eng
082 ## - DEWEY DECIMAL CLASSIFICATION NUMBER
Classification number 530
Item number GUP/PR
100 ## - MAIN ENTRY--AUTHOR NAME
Personal name Gupta, S L .
245 ## - TITLE STATEMENT
Title Practical physics with viva voce /
250 ## - EDITION STATEMENT
Edition statement 1 /
260 ## - PUBLICATION, DISTRIBUTION, ETC. (IMPRINT)
Place of publication Meerut :
Name of publisher Pragati Prakashan ,
Year of publication 1984.
300 ## - PHYSICAL DESCRIPTION
Number of Pages 120 ; .
700 1# - ADDED ENTRY--PERSONAL NAME
Personal name Kumar, V .
942 ## - ADDED ENTRY ELEMENTS (KOHA)
Koha item type Books
Holdings
Withdrawn status Lost status Damaged status Home library Current library Date acquired Full call number Accession Number Koha item type
      KAUAET KAUAET 07/04/2012 530 GUP/PR 14737 Books
Withdrawn     KAUAET KAUAET 07/04/2012 530 GUP/PR 14734 Books
      KAUAET KAUAET 07/04/2012 530 GUP/PR 14736 Books
      KAUAET KAUAET 07/04/2012 530 GUP/PR 14738 Books
      KAUAET KAUAET 07/04/2012 530 GUP/PR 14735 Books
free website counter